Statistics for Countries that saw noticeable decline in LGBT rights from 2023 to 2024

Click here to take the quiz!

General Stats

  • This quiz has been taken 33 times
  • The average score is 42 of 70

Answer Stats

HintAnswer% Correct
48Russia
89%
10China
81%
23Iran
81%
43Pakistan
81%
24Iraq
78%
59Syria
78%
22Indonesia
74%
63Turkey
74%
1Afghanistan
70%
27Jordan
70%
36Morocco
70%
41North Korea
70%
47Qatar
70%
54Saudi Arabia
70%
66Uganda
70%
68Yemen
70%
2Algeria
67%
3Bangladesh
67%
29Kuwait
67%
35Mali
67%
38Myanmar
67%
40Nigeria
67%
42Oman
67%
64Turkmenistan
67%
67United Arab Emirates
67%
4Belarus
63%
14Eritrea
63%
16Ethiopia
63%
21Hungary
63%
31Libya
63%
34Malaysia
63%
49Rwanda
63%
58Sudan
63%
62Tunisia
63%
69Zambia
63%
70Zimbabwe
63%
5Benin
59%
11Djibouti
59%
15Eswatini
59%
20Guinea
59%
25Italy
59%
55Senegal
59%
56Serbia
59%
57South Sudan
59%
61Tanzania
59%
9Burundi
56%
18Georgia
56%
30Kyrgyzstan
56%
33Madagascar
56%
39Namibia
56%
6Bhutan
52%
19Ghana
52%
46Philippines
52%
8Bulgaria
48%
17Gabon
48%
37Mozambique
48%
53Samoa
48%
60Tajikistan
48%
7Brunei
44%
13Equatorial Guinea
44%
26Ivory Coast
41%
28Kiribati
41%
44Palau
41%
12El Salvador
37%
32Lithuania
37%
65Tuvalu
37%
50Saint Kitts and Nevis
33%
51Saint Vincent and the Grenadines
33%
52São Tomé and Principe
33%
45Panama
30%

Score Distribution

Percentile by Number Answered

Percent of People with Each Score

Your Score History

You have not taken this quiz